Juicio de amparo e interés legítimo : la tutela de los derechos difusos y colectivos /

Salvato in:
Dettagli Bibliografici
Autore principale: Ferrer Mac-Gregor, Eduardo (autor)
Altri autori: Ovalle Favela, José (comentarios) (comentarios)
Natura: Libro
Lingua:spagnolo
Pubblicazione: México : Porrúa, 2003, c2003
Serie:(Breviarios Jurídicos ; 9)
Soggetti:
Tags: Aggiungi Tag
Nessun Tag, puoi essere il primo ad aggiungerne!!

MARC

LEADER 00000nam^a2200000^a^4500
001 000171953
005 20250521000000.0
009 20260310101402.3
020 |a 970-07-4673-9 
037 |a Acervo ITESO - Biblioteca 
041 |a ESP 
082 |a 342. 80085  |b FER 
100 |a Ferrer Mac-Gregor, Eduardo  |e (autor) 
245 1 0 |a Juicio de amparo e interés legítimo :  |b la tutela de los derechos difusos y colectivos /  |c E. Ferrer Mac-Gregor ; comentarios de J. Ovalle Favela. 
264 4 |a México :  |b Porrúa,  |c 2003, c2003 
300 |a XX, 74 p. 
336 |a texto  |b txt  |2 rdacontenido 
337 |a sin mediación  |b n  |2 rdamedio 
338 |a volumen  |b nc  |2 rdasoporte 
440 1 |a (Breviarios Jurídicos ;  |v 9) 
649 |a XX 
650 |a Grupos Sociales -  |z México -  |x Condiciones Jurídicas 
650 |a Grupos Sociales -  |z Latinoamérica -  |x Condiciones Jurídicas 
650 |a Intereses Difusos (Derecho) -  |z México 
650 |a Intereses Difusos (Derecho) -  |z Latinoamérica -  |x Tema Principal 
650 |a Intereses Colectivos (Derecho) -  |z México 
650 |a Intereses Colectivos (Derecho) -  |z Latinoamérica -  |x Tema Principal 
650 |a Amparo -  |z México -  |x Tema Principal 
650 |a Derecho Constitucional -  |z México 
650 |a Derecho Social -  |z México 
650 |a Derecho Social -  |z Latinoamérica 
650 |a Derecho Privado -  |z México 
650 |a Derecho Privado -  |z Latinoamérica 
650 |a Derecho Público -  |z México 
650 |a Derecho Público -  |z Latinoamérica 
700 |a Ovalle Favela, José  |e (comentarios) 
910 |a Fondo General 
920 |a Impresos - Libros 
930 |a Colección General 
905 |a 101 
901 |a 0500109494  |b IT1  |c ACC  |u 20250521 
902 |a https://opac.biblio.iteso.mx/vufind/Record/000171953